Libro de buen dolor

Сохранить в:
Библиографические подробности
Главный автор: Blanco, Guillermo (Автор)
Формат:
Язык:испанский
Опубликовано: Santiago Instituto Profesional de Estudios Superiores Blas Cañas 1986
Предметы:
Метки: Добавить метку
Нет меток, Требуется 1-ая метка записи!

MARC

LEADER 00000nam a2200000 a 4500
001 UCW9313
003 CL-VaPUC
008 890309e19860000CL |||||||||||||||||spa|d
082 0 4 |a Ch863  |b BLA  |2 21 
100 0 |a Blanco, Guillermo  |e author  |9 314543 
245 1 0 |a Libro de buen dolor 
300 |a 139 p 
942 |c BK 
945 |d 19890309 00:00:00 
260 |a Santiago  |b Instituto Profesional de Estudios Superiores Blas Cañas  |c 1986 
650 0 |a Cuentos chilenos   |9 308280 
583 |a last modification  |c 19890309 00:00:00  |k Rodrigo Vera 
999 |c 221320  |d 221318 
952 |0 0  |1 0  |4 0  |6 CH_863_000000000000000_BLA_1986  |7 0  |8 A  |9 214500  |a BIBEDU  |b BIBEDU  |d 2019-11-15  |i 2831015  |l 1  |o Ch863 BLA 1986  |p 2831015  |r 2024-08-09  |s 2024-08-09  |w 2019-11-15  |y BK  |k LIT